00402nam a2200133 a 4500008004100000020001500041050001500056100002500071245008700096260003300183300002100216350000900237650002200246120416s1976 ||||||||||||||||| || u a0070538344 aHG 179 Ros aRosenberg, R. Robert10aSchaum's outline of theory and problems of personal finance and consumer economics aNew York:bMcGraw-Hillc1976 a[vi] 199p. : ill a0.00 aFINANCE, PERSONAL